000 00710nam a2200217Ii 4500
003 JO-AjNU
008 230605s9999||||xx |||||||||||||| ||und||
017 _a1983/9/483
040 _aJO-AjNU
_bara
_erda
_cJO-AjNU
041 _aara
050 1 4 _aHF1584.A2877.1983
100 3 _aأبوالرب، احمد محمود/علي محمود زيتون,
_eauthor
_939379
245 0 0 _aالنشاط التجاري والحركة التعاونية في الاردن
250 _aط1
264 3 1 _aعمان:الؤلفين؛1983
300 _a200ص
336 _atext
_btxt
_2rdacontent
337 _aunmediated
_bn
_2rdamedia
338 _avolume
_bnc
_2rdacarrier
650 4 _aالتجارة-الاردن
_939380
999 _aA16626
_c20194
_d20194